| 000 | 00548nam a2200181Ia 4500 | ||
|---|---|---|---|
| 999 |
_c21704 _d21704 |
||
| 003 | OSt | ||
| 005 | 20200625094710.0 | ||
| 008 | 190216s9999||||xx |||||||||||||| ||und|| | ||
| 020 | _a9789381991800 | ||
| 040 | _coclc | ||
| 082 |
_a954.035 _bGUP/M |
||
| 100 | 1 |
_aGupta, P. K., _9133 _cPh. D., D. Litt. |
|
| 245 | 0 |
_aMahatma Gandhi's Strategy And Indian Politics / _cP K Gupta |
|
| 260 |
_bSwastik Publications, _c2014. _aNew Delhi: |
||
| 300 | _a248p | ||
| 650 | _aHistory | ||
| 942 |
_cBK _2ddc _h954.035 _iGUP/M _k954.035 _mGUP/M |
||